Beyond the statute law : the grey government of criminal justice systems : history and theory in the modern age /

Saved in:
நூற்பட்டியல் விவரங்கள்
மற்ற எழுத்தாளர்கள்: Lacchè, Luigi., Stronati, Monica.
வடிவம்: புத்தகம்
மொழி:English
வெளியீடப்பட்டது: Macerata : EUM, 2011.
பதிப்பு:1. ed.
தொகுதி:Storia. Diritto
பகுதிகள்:
குறியீடுகள்: குறிச்சொல் இணை
குறியீடுகள் இல்லை, இந்த குறிச்சொல்லை முதலில் பதிவு செய்யுங்கள்!
LEADER 02059cam a2200349Ma 4500
001 012926331-1
005 20130411122820.0
008 110829s2011 it b 100 0 eng d
020 |a 9788860562784 
020 |a 8860562783 
035 0 |a ocn748343924 
040 |a C3L  |c C3L  |d RCJ  |d LGG 
043 |a e-it---  |a e------ 
045 |a w1w9  |a x0x4  |a x4x- 
050 4 |a KJC9430.A6  |b B49 2011 
082 1 4 |a 345  |2 21 
245 0 0 |a Beyond the statute law :  |b the grey government of criminal justice systems : history and theory in the modern age /  |c edited by Luigi Lacchè, Monica Stronati. 
250 |a 1. ed. 
260 |a Macerata :  |b EUM,  |c 2011. 
300 |a 150 p. ;  |c 21 cm. 
490 0 |a Storia. Diritto 
500 |a Papers presented to a seminar, 2010. 
500 |a Texts in English or French. 
504 |a Includes bibliographical references. 
505 0 0 |t Beyond the statute law : an introduction /  |r Luigi Lacchè, Monica Stronati --  |t Outside society : political emergency, widening of the penal system and regimes of legality in the late nineteenth century : a comparison between Italy and France /  |r Massimo Meccarelli --  |t The exception that proves the rule : pardon, judiciary and ministerial memoranda between the xixth and xxth century /  |r Monica Stronati --  |t A "form of coercion" for the "intermediate zone between crime and madness, " : origins of the criminal lunatic asylum /  |r Floriana Colao --  |t Justice et procès pénal : indépendance de la magistrature et politique ministerérielle en Italie entre 1861 et 1930 /  |r Claudia Storti --  |t The legality principle within the Italian criminal justice system : normative principle and practical adaptations /  |r Maria Letizia Zanier --  |t Amphibologie du gris : crise de la loi ou triomphe de la loi? : le discours européen /  |r Carlo Sotis. 
650 0 |a Criminal justice, Administration of  |z Europe  |x Congresses. 
650 0 |a Criminal justice, Administration of  |z Italy  |x Congresses. 
700 1 |a Lacchè, Luigi. 
700 1 |a Stronati, Monica. 
988 |a 20111005 
049 |a HVLA 
906 |0 OCLC